|
|
|
|
| LEADER |
00000nam0a2200000 4500 |
| 001 |
362260 |
| 005 |
20231102011454.0 |
| 035 |
|
|
|a (RuTPU)RU\TPU\retro\19606
|
| 090 |
|
|
|a 362260
|
| 100 |
|
|
|a 20210721d1980 km y0rusy50 ca
|
| 101 |
0 |
|
|a rus
|
| 102 |
|
|
|a RU
|
| 105 |
|
|
|a a z 001zy
|
| 200 |
1 |
|
|a Глубинное строение Юга СССР
|f В. Н. Семов
|
| 210 |
|
|
|a Москва
|c Недра
|d 1980
|
| 215 |
|
|
|a 228 с.
|c ил.
|
| 320 |
|
|
|a Библиогр.: с. 219-223
|
| 320 |
|
|
|a Указатель элементов: с. 224-227
|
| 606 |
1 |
|
|a Земная кора
|x Строение глубинное
|2 stltpush
|3 (RuTPU)RU\TPU\subj\11791
|9 38689
|
| 610 |
1 |
|
|a юг СССР
|
| 610 |
1 |
|
|a фундамент
|
| 610 |
1 |
|
|a осадочный чехол
|
| 610 |
1 |
|
|a разломная тектоника
|
| 610 |
1 |
|
|a структурные элементы
|
| 610 |
1 |
|
|a систематизация
|
| 675 |
|
|
|a 551.1
|v 4
|
| 700 |
|
1 |
|a Семов
|b В. Н.
|g Валерий Николаевич
|
| 801 |
|
1 |
|a RU
|b 63413507
|c 20210721
|
| 942 |
|
|
|c BK
|